00832nam a2200253Ia 4500003000900000008004100009020001800050040001600068080002500084100002000109245006900129260003400198300001500232490003600247650002100283650002200304650001900326650002600345650002600371700002400397942000700421999001700428952013300445IN-BaIIA211028s9999 xx 000 0 eng d a3-540-43102-0 cIIA Library a524.3-52(082.2)bPAL aPalla, F926278 0aPhysics of star formation in galaxiescF. Palla and H. Zinnecker aBerlinbSpringer-Verlagc2002 axii, 232p. aSaas - Fee advanced courses; 29 aPMS stars926279 aProtostars910852 aStar formation aYoung binaries926280 aYoung clusters926281 aZinnecker, H926282 cBK c14702d14702 00104070aBANbBANcGENd2002-07-04g3160.47l0o524.3-52(082.2)/ PALp15624r2021-11-05v3160.47w2002-07-04yBKGRs. 3160.47